=LDR 00000nam 2200000 4500 =001 INLIS000000000054353 =990 ##$$a 61901250 =990 ##$$a 61901253 =990 ##$$a 61901252 =990 ##$$a 61901251 =005 20200122122334 =990 ##$$a 61901253 =990 ##$$a 61901252 =990 ##$$a 61901253 =990 ##$$a 61901253 =035 ##$$a 0010-0120000131 =990 ##$$a 61901251 =990 ##$$a 61901251 =990 ##$$a 61901252 =990 ##$$a 61901252 =007 ta =990 ##$$a 61901251 =990 ##$$a 61901250 =990 ##$$a 61901250 =990 ##$$a 61901250 =008 200122###########################0#ind## =020 ##$$a 978-602-038-593-8 =082 ##$$a 899.221 3 =084 ##$$a 899.221 3 Ter K =100 #$$a Tere Liye =245 1#$$a Komet /$c Tere Liye =260 ##$$a Jakarta :$b Gramedia,$c 2018 =300 ##$$a 384 hlm. ; $c 21 Cm. =600 #4$$a Fiksi Indonesia =990 ##$$a 05380538 =990 ##$$a 05380538 =990 ##$$a 05380538 =990 ##$$a 05380538 =990 ##$$a 61901250 =990 ##$$a 6202000538 =990 ##$$a 6202000539 =990 ##$$a 6202000540 =990 ##$$a 61901251 =990 ##$$a 6202000538 =990 ##$$a 6202000539 =990 ##$$a 61901250 =990 ##$$a 61901252 =990 ##$$a 6202000538 =990 ##$$a 61901251 =990 ##$$a 61901250 =990 ##$$a 61901253 =990 ##$$a 61901252 =990 ##$$a 61901251 =990 ##$$a 61901250